| 000 | 00843na a2200265 4500 | ||
|---|---|---|---|
| 001 | 20415 | ||
| 003 | MIRAKIL | ||
| 005 | 20181213155108.0 | ||
| 008 | 170119b tu 000 0 | ||
| 020 | _a9756294078 | ||
| 040 |
_aMilas _btur _cTR-AnCHP |
||
| 041 | _atur | ||
| 082 |
_a327.561073 _bL27ç 2007 |
||
| 090 | _a327.561073 L27ç 2007 | ||
| 100 | _aLatif, Hüseyin | ||
| 245 |
_aÇelişkiler projesi BOB ve ABD'nin Türkiye'ye biçtiği rol _cHüseyin Latif |
||
| 260 |
_aİstanbul _bBizim Avrupa Yayınları _c2007 |
||
| 300 |
_a118 s. _bhrt. _c20 sm. |
||
| 490 |
_aBizim Avrupa Yayınları _v7 |
||
| 504 | _aKaynakça ve dizin var. | ||
| 650 |
_aUluslararası ilişkiler _xABD _zTürkiye |
||
| 651 |
_aTürkiye _xUluslararası ilişkiler _zTürkiye |
||
| 657 |
_aBüyük Ortadoğu Projesi _xDeğerlendirmeler |
||
| 942 |
_2dcc _cBKS |
||
| 999 |
_c6453 _d6453 |
||